| 000 | 00706nam a22002177a 4500 | ||
|---|---|---|---|
| 999 |
_c15975 _d15975 |
||
| 003 | AR-CdUCM | ||
| 008 | 190430b ||||| |||| 00| 0 spa d | ||
| 040 |
_aMUNICIPALIDAD PROVINCIAL DEL CUSCO _cBIBLIOTECA MUNICIPAL DEL CUSCO |
||
| 082 |
_a170 / _bS55 |
||
| 100 |
_aShiskhin, A.F. _935236 |
||
| 245 | _aTeoría de la moral / | ||
| 260 |
_aMéxico : _bGrijalbo, _c1970. |
||
| 300 |
_a154 paginas ; _c19 cm. |
||
| 440 |
_aColección 70 _92202 |
||
| 505 | _aContenido :Contenido de la ética Marxista --Tipos históricos de moral --Libertad,necesidad e ideal moral / | ||
| 650 |
_aMoral _94056 |
||
| 650 |
_aMarxismo _924 |
||
| 650 |
_aÉtica _91337 |
||
| 942 |
_2ddc _cLIBROS |
||
| 945 |
_arjall _d2019-04-30 |
||